000 00735nam a2200253Ia 4500
003 OSt
005 20220926024801.0
006 a|||||r|||| 00| 0
007 ta
008 220923b |||||||| |||| 00| 0 eng d
020 _a0198286201
037 _cGeneral Book
040 _aRTL
_cRTL
_beng
041 _2eng
_aeng
082 _aX:75.687.N8, N0
100 _aBevan David and others
_9293187
245 0 _aControllied open economies
_b A neoclassical approaches
260 _aOxford
_bClarendon Press
_c1990
300 _axiii,367p
_ccm.
500 _aBibliographyP354-57
650 _aEconomic
_937751
942 _hX:75.687.N8, N0
_cGB
_2CC
999 _c645447
_d645447